00923nam a22002537a 45000010005000000030006000050050017000110080041000280200018000690400029000870500012001160820011001281000017001392450106001562600038002623000059003005050008003595200175003675210024005425210020005666500034005866500021006207000028006415188FISKH20250815122817.0241118b cb ||||| |||| 00| 0 eng d a9780590481021 aFISKHbengcFISKHdFISKH aT40.M43 a608.72 aTowle, Wendy aThe Real McCoy :bThe Life of an African-American Inventor / cby Wendy Towle : Painting by Wil Clay  aNew York : bScholastic ;c1993 . a32 unnumbered pages : bcolor illustrations ;c20 cm . aZ  aA biography of the Canadian-born black American who studied engineering in Scotland and patented over fifty inventions despite the obstacles he faced because of his race.8 a920 bLexile NC 8 aZ bRaz-Plus  aAfrican Americanvnon-fiction ahistoryvfiction aClay, Wileillustrator